| 000 | 00592nam a2200169Ia 4500 | ||
|---|---|---|---|
| 008 | 090711s9999 xx 000 0 und d | ||
| 082 | _b1505 | ||
| 100 | _aअल्लगीकर श्रीपाद भा. | ||
| 245 | _aवास्तुशुभा | ||
| 260 |
_bश्रध्दा प्रकाशन _c1997 |
||
| 300 | _a364 | ||
| 600 | _aअल्लगीकर श्रीपाद भा. | ||
| 630 | _aवास्तुशुभा | ||
| 700 | _aअल्लगीकर श्रीपाद भा. | ||
| 730 | _aवास्तुशुभा | ||
| 942 | _cBOOK | ||
| 999 |
_c326411 _d326411 |
||